Changing guerrilla warfare strategies in Central America
Sparad:
| Huvudupphovsman: | |
|---|---|
| Materialtyp: | Text |
| Publicerad: |
Washington D.C.:
s.e.
|
| Taggar: |
Lägg till en tagg
Inga taggar, Lägg till första taggen!
|
MARC
| LEADER | 00000 a a2200000 04500 | ||
|---|---|---|---|
| 001 | 23699 | ||
| 003 | |||
| 040 | |||
| 090 | |a 165900 | ||
| 100 | |a Sereseres, Caesar D. | ||
| 245 | |a Changing guerrilla warfare strategies in Central America | ||
| 260 | |a Washington D.C.: |b s.e. | ||
| 300 | |a 48 p. | ||
| 999 | |c 15908 |d 15908 | ||
